[Event "Oberliga Baden 1415"]
[Site "Baden"]
[Date "2015.04.12"]
[Round "9.1"]
[White "Schmidt Schaeffer, Sebastian"]
[Black "Raupp, Thomas"]
[Result "1/2-1/2"]
[WhiteElo "2392"]
[BlackElo "2288"]
[PlyCount "37"]
[EventDate "2014.09.21"]
[EventType "team-tourn"]
[EventRounds "9"]
[EventCountry "GER"]
[SourceTitle "EXT 2016"]
[Source "ChessBase"]
[SourceDate "2015.10.08"]
[SourceVersion "1"]
[SourceVersionDate "2015.10.08"]
[SourceQuality "1"]
[WhiteTeam "Brombach"]
[BlackTeam "Eppingen II"]
[WhiteTeamCountry "GER"]
[BlackTeamCountry "GER"]

1. f4 d5 2. Nf3 g6 3. e3 Bg7 4. Be2 Nf6 5. 0-0 0-0 6. d4 c5 7. a4 Nc6 8. c3 Ne4 9. Nbd2 cxd4 10. exd4 Nxd2 11. Bxd2 Bg4 12. Ne5 Bxe2 13. Qxe2 e6 14. g4 Qd6 15. Rae1 Rac8 16. Qg2 f5 17. gxf5 Rxf5 18. Rf3 Qc7 19. Nd3 1/2-1/2